[Event "4.liga A22 2019/2020"]
[Site "?"]
[Date "2020.02.09"]
[Round "8.6"]
[White "Brestovansky, Anton"]
[Black "Karel, Jozef"]
[Result "1/2-1/2"]
[WhiteElo "1677"]
[BlackElo "1689"]
[PlyCount "102"]
[EventDate "2019.10.13"]

1. d4 Nf6 2. c4 e5 3. dxe5 Ng4 4. e3 Nxe5 5. Nc3 Bb4 6. Bd2 d6 7. a3 Ba5 8. b4
Bb6 9. Nd5 Bf5 10. Bc3 Nbd7 11. Nf3 O-O 12. Be2 Re8 13. O-O a6 14. Nxb6 Nxb6
15. Nxe5 dxe5 16. Qxd8 Raxd8 17. Rfd1 f6 18. Rac1 Be6 19. c5 Nd5 20. Be1 c6 21.
g3 Kf7 22. Kg2 Rd7 23. e4 Nc7 24. Rxd7+ Bxd7 25. Rd1 Ke7 26. Bc3 Nb5 27. Bb2
Rd8 28. a4 Nd4 29. Bxd4 exd4 30. a5 Be6 31. Bd3 g6 32. f4 Bb3 33. Re1 Kf7 34.
h4 Re8 35. Kf2 Be6 36. Kf3 Bd5 37. Kf2 Be6 38. Re2 h6 39. Re1 Bg4 40. Kf1 Bd7
41. Kf2 g5 42. hxg5 fxg5 43. Rh1 gxf4 44. gxf4 Rh8 45. f5 Kf6 46. Kf3 Ke5 47.
Rg1 Bc8 48. Rg7 Kf6 49. Rg6+ Ke5 50. Kg4 Bd7 51. Rg7 Bc8 1/2-1/2

[Event "4.liga A22 2019/2020"]
[Site "?"]
[Date "2020.02.09"]
[Round "8.6"]
[White "Pinkas, Jan"]
[Black "Petras, Stefan"]
[Result "0-1"]
[WhiteElo "1455"]
[BlackElo "1698"]
[PlyCount "96"]
[EventDate "2019.10.13"]

1. e4 g6 2. Nf3 Bg7 3. d4 d6 4. Nc3 Nf6 5. Bc4 O-O 6. O-O Nc6 7. a3 a6 8. Re1
Bg4 9. h3 Bxf3 10. gxf3 e5 11. d5 Ne7 12. Bg5 Nh5 13. Ne2 Rc8 14. Ng3 Nf4 15.
Bxf4 exf4 16. Ne2 b5 17. Bd3 Bxb2 18. Ra2 Be5 19. Kh2 c5 20. c4 Rb8 21. Rg1 Kh8
22. Rg4 h5 23. Rg2 Qa5 24. a4 b4 25. Nc1 Qb6 26. Bc2 a5 27. Bb3 Rg8 28. Nd3 f6
29. Ra1 Bxa1 30. Qxa1 g5 31. Qxf6+ Kh7 32. Qxe7+ Kh6 33. Qf6+ Rg6 34. Qf5 Rbg8
35. h4 Qd8 36. hxg5+ Rxg5 37. Qxf4 Qf8 38. Rxg5 Qxf4+ 39. Nxf4 Rxg5 40. Ng2 Rg8
41. Nh4 Kg5 42. Ng2 Kf6 43. Bd1 Ke5 44. Ne1 h4 45. Kh3 Rg1 46. f4+ Kxf4 47.
Ng2+ Kxe4 48. Bg4 Rh1# 0-1

[Event "4.liga A22 2019/2020"]
[Site "?"]
[Date "2020.02.23"]
[Round "9.1"]
[White "Bohunicky, Ivan"]
[Black "Kozinka, Roman"]
[Result "0-1"]
[WhiteElo "1897"]
[BlackElo "1940"]
[PlyCount "91"]
[EventDate "2019.10.13"]
[WhiteTeam "ŠK Dolná Krupá"]
[BlackTeam "ŠK KOMPLET Trnava - Modranka juniori"]

1. d4 g6 2. c4 Bg7 3. Nc3 d6 4. e4 Nd7 5. Be3 e5 6. Qd2 exd4 7. Bxd4 Ngf6 8.
Be2 O-O 9. f3 Ne5 10. g4 Be6 11. b3 Nc6 12. Bxf6 Qxf6 13. Rc1 Qh4+ 14. Kd1 Bh6
15. f4 Bxg4 16. Bxg4 Qxg4+ 17. Nge2 Nb4 18. Qe3 c6 19. a3 Na6 20. Kc2 Rfe8 21.
h4 Qe6 22. h5 Bg7 23. hxg6 hxg6 24. Rce1 Nc5 25. Ng3 b5 26. f5 Qe5 27. fxg6
fxg6 28. Rh4 a5 29. Rg4 Re6 30. Rg1 b4 31. Nf5 Qxc3+ 32. Qxc3 Bxc3 33. Rxg6+
Kf7 34. Nxd6+ Ke7 35. Nf5+ Kd7 36. Rxe6 Nxe6 37. Rh1 Kc7 38. Rh7+ Kb6 39. Nd6
Kc5 40. Nb7+ Kd4 41. Re7 Nc5 42. Nd6 Ke3 43. a4 Rh8 44. Nf5+ Kf4 45. Re8 Rxe8
46. Nd6 0-1

[Event "4.liga A22 2019/2020"]
[Site "?"]
[Date "2020.02.23"]
[Round "9.1"]
[White "Skreko, Igor"]
[Black "Polak, Peter"]
[Result "0-1"]
[WhiteElo "1807"]
[BlackElo "1815"]
[PlyCount "86"]
[EventDate "2019.10.13"]
[WhiteTeam "ŠK KOMPLET Trnava - Modranka juniori"]
[BlackTeam "ŠK Dolná Krupá"]

1. c4 e5 2. Nc3 Nf6 3. g3 d5 4. cxd5 Nxd5 5. Bg2 Nb6 6. Nf3 Nc6 7. d3 Be7 8. a3
Be6 9. b4 Nd4 10. Nxd4 exd4 11. Na4 Bd5 12. Bxd5 Qxd5 13. O-O O-O 14. Qc2 Nxa4
15. Qxa4 c6 16. Bb2 Rfd8 17. Qc2 a5 18. bxa5 Rxa5 19. Rfb1 b5 20. a4 b4 21. Bc1
c5 22. Bf4 Rd7 23. h4 h6 24. Rb2 g5 25. hxg5 hxg5 26. Bd2 Rd6 27. f3 Rh6 28.
Qc1 Qe5 29. Qe1 Qh8 30. Qf1 Rh1+ 31. Kf2 Rxf1+ 32. Rxf1 Qh2+ 33. Ke1 Qxg3+ 34.
Kd1 Rxa4 35. Kc2 Qe5 36. Rg1 Qxe2 37. Re1 Qxf3 38. Rxe7 Ra1 39. Re1 Rxe1 40.
Bxe1 Qe2+ 41. Bd2 g4 42. Rb1 g3 43. Rg1 g2 0-1

[Event "4.liga A22 2019/2020"]
[Site "?"]
[Date "2020.02.23"]
[Round "9.1"]
[White "Brestovansky, Anton"]
[Black "Longauer, Jan"]
[Result "1/2-1/2"]
[WhiteElo "1677"]
[BlackElo "1845"]
[PlyCount "100"]
[EventDate "2019.10.13"]
[WhiteTeam "ŠK Dolná Krupá"]
[BlackTeam "ŠK KOMPLET Trnava - Modranka juniori"]

1. d4 Nf6 2. c4 g6 3. Nc3 Bg7 4. Bf4 O-O 5. e3 d6 6. h3 Nbd7 7. Nf3 b6 8. Bd3
Bb7 9. O-O Re8 10. Bh2 e5 11. dxe5 dxe5 12. Bc2 a6 13. Rc1 e4 14. Nd4 Ne5 15.
Bxe5 Rxe5 16. Nde2 Qe7 17. Ng3 Rd8 18. Qe2 h5 19. Rfd1 h4 20. Rxd8+ Qxd8 21.
Rd1 Qc8 22. Nf1 Bf8 23. Qd2 Bd6 24. Kh1 g5 25. Bb3 g4 26. hxg4 Qxg4 27. Qe2 Qg7
28. Nd5 Bxd5 29. cxd5 Rg5 30. f4 exf3 31. Qxf3 Nh5 32. Rd2 Ng3+ 33. Nxg3 Rxg3
34. Qe4 Qf6 35. Bc4 h3 36. Bd3 Qh6 37. Kg1 h2+ 38. Kh1 Rxe3 39. Qg4+ Kf8 40.
Qd1 Qg5 41. Bxa6 Qe5 42. Re2 Rxe2 43. Qxe2 Qxd5 44. Bc4 Qf5 45. Qf1 Qxf1+ 46.
Bxf1 Ke7 47. g4 Kf6 48. a4 Kg5 49. Be2 Kf4 50. Kg2 f6 1/2-1/2

[Event "4.liga A22 2019/2020"]
[Site "?"]
[Date "2020.02.23"]
[Round "9.1"]
[White "Gajarsky, Julius"]
[Black "Petras, Stefan"]
[Result "1-0"]
[WhiteElo "1686"]
[BlackElo "1698"]
[PlyCount "107"]
[EventDate "2019.10.13"]
[WhiteTeam "ŠK KOMPLET Trnava - Modranka juniori"]
[BlackTeam "ŠK Dolná Krupá"]

1. d4 g6 2. c4 Bg7 3. e4 d6 4. Nc3 Nf6 5. Be2 O-O 6. Be3 c6 7. f4 Qa5 8. Qd2
Ng4 9. Bxg4 Bxg4 10. Nge2 e5 11. fxe5 dxe5 12. d5 Rd8 13. O-O f5 14. h3 Bxe2
15. Qxe2 fxe4 16. Bg5 Rf8 17. Rxf8+ Bxf8 18. Nxe4 Bg7 19. Nf6+ Bxf6 20. Bxf6
Nd7 21. Bh4 cxd5 22. cxd5 Re8 23. b3 Qxd5 24. Rd1 Qc6 25. Qd2 Nf8 26. Rc1 Qe4
27. Bf2 b6 28. Rc7 Ne6 29. Rxa7 Nf4 30. Be3 Nxg2 31. Bh6 Qe1+ 32. Kxg2 Qxd2+
33. Bxd2 e4 34. Be3 Re6 35. Rb7 Rc6 36. Rxb6 Rc2+ 37. Kg3 Rxa2 38. Kf4 Rh2 39.
Kg3 Re2 40. Bh6 e3 41. Rf6 Rf2 42. Rxf2 exf2 43. Kxf2 Kf7 44. Ke3 Ke6 45. Kd4
Kd6 46. b4 Kc6 47. Kc4 Kb6 48. Be3+ Kc6 49. b5+ Kc7 50. Kc5 Kb7 51. b6 h5 52.
h4 Kb8 53. Kc6 g5 54. Bxg5 1-0

[Event "4.liga A22 2019/2020"]
[Site "?"]
[Date "2020.02.23"]
[Round "9.1"]
[White "Bohunicky, Pavol"]
[Black "Rau, Vladimir"]
[Result "1/2-1/2"]
[WhiteElo "1603"]
[BlackElo "1707"]
[PlyCount "95"]
[EventDate "2019.10.13"]
[WhiteTeam "ŠK Dolná Krupá"]
[BlackTeam "ŠK KOMPLET Trnava - Modranka juniori"]

1. e4 c6 2. d4 d5 3. Nc3 dxe4 4. Nxe4 Bf5 5. Ng3 Bg6 6. Nf3 Nd7 7. Bd3 Bxd3 8.
Qxd3 e6 9. Bf4 Ngf6 10. O-O Be7 11. Rad1 O-O 12. Ne4 Nxe4 13. Qxe4 Nf6 14. Qd3
Qa5 15. a3 Rad8 16. Qe2 Nd5 17. Bg3 Qb6 18. c3 c5 19. dxc5 Qxc5 20. Rd2 h6 21.
Rfd1 b5 22. Be5 a6 23. Bd4 Qc7 24. Qe5 Qxe5 25. Nxe5 Bg5 26. Rc2 Rc8 27. Nf3
Be7 28. Nd2 Rfd8 29. Nf3 f6 30. Rcd2 Kf7 31. Kf1 e5 32. Be3 Nxe3+ 33. fxe3 Rxd2
34. Rxd2 Ke6 35. e4 Rc4 36. Re2 g6 37. g4 Rc8 38. Rd2 Rd8 39. Rxd8 Bxd8 40. Nh4
Kf7 41. Nf3 Bb6 42. Ke2 Ke6 43. Nh4 Kf7 44. Kd3 Bf2 45. Nf3 Ke6 46. Ke2 Bc5 47.
Nh4 Kf7 48. h3 1/2-1/2

[Event "4.liga A22 2019/2020"]
[Site "?"]
[Date "2020.02.23"]
[Round "9.2"]
[White "Malar, Pavol"]
[Black "Sturdik, Igor"]
[Result "1/2-1/2"]
[WhiteElo "2071"]
[BlackElo "1939"]
[PlyCount "79"]
[EventDate "2019.10.13"]
[WhiteTeam "ŠK Hlohovec A"]
[BlackTeam "ŠK Obecný úrad Špačince"]

1. e4 Nf6 2. d3 e5 3. Nf3 Nc6 4. g3 Bc5 5. Bg2 O-O 6. O-O d5 7. Nbd2 dxe4 8.
dxe4 Qe7 9. c3 a5 10. Qc2 h6 11. Nc4 Bg4 12. h3 Bxf3 13. Bxf3 Rad8 14. Kg2 Rd7
15. Ne3 Bxe3 16. Bxe3 Rfd8 17. Be2 Nb8 18. a3 b6 19. b4 axb4 20. cxb4 Rd6 21.
Rfc1 Rc6 22. Bc4 b5 23. Bc5 Rxc5 24. bxc5 bxc4 25. Qxc4 Rd4 26. Qb5 Nbd7 27. c6
Nf8 28. a4 Nxe4 29. Ra2 Nd6 30. Qb1 Qe6 31. a5 Qd5+ 32. Kh2 Nb5 33. a6 Na7 34.
Rac2 Ra4 35. Qb7 Qd4 36. Qxc7 Rxa6 37. Qb7 Rxc6 38. Rxc6 Qxf2+ 39. Kh1 Qf3+ 40.
Kh2 1/2-1/2

[Event "4.liga A22 2019/2020"]
[Site "?"]
[Date "2020.02.23"]
[Round "9.2"]
[White "Valach, Peter"]
[Black "Bisco, Igor"]
[Result "0-1"]
[WhiteElo "1770"]
[BlackElo "1988"]
[PlyCount "80"]
[EventDate "2019.10.13"]
[WhiteTeam "ŠK Obecný úrad Špačince"]
[BlackTeam "ŠK Hlohovec A"]

1. d4 Nf6 2. c4 g6 3. Nc3 Bg7 4. g3 O-O 5. Bg2 c5 6. d5 d6 7. e4 e6 8. Nge2
exd5 9. exd5 Re8 10. O-O a6 11. a4 Nbd7 12. Ra2 Ne5 13. b3 Bf5 14. Bg5 h6 15.
Bxf6 Bxf6 16. Ne4 Nf3+ 17. Bxf3 Bxe4 18. Bxe4 Rxe4 19. Nc1 Qe7 20. Re2 Rxe2 21.
Qxe2 Qxe2 22. Nxe2 Re8 23. Nc1 Bd4 24. Rd1 Kg7 25. Kf1 Kf6 26. h3 Kf5 27. f3 h5
28. h4 Re3 29. Rd3 Rxd3 30. Nxd3 f6 31. Kg2 g5 32. hxg5 fxg5 33. Kh3 Be3 34.
Kg2 g4 35. f4 Ke4 36. Nf2+ Bxf2 37. Kxf2 a5 38. Kg2 h4 39. Kh2 hxg3+ 40. Kxg3
Kf5 0-1

[Event "4.liga A22 2019/2020"]
[Site "?"]
[Date "2020.02.23"]
[Round "9.2"]
[White "Starzec, Juraj"]
[Black "Slezak, Rudolf"]
[Result "1-0"]
[WhiteElo "1940"]
[BlackElo "1717"]
[PlyCount "110"]
[EventDate "2019.10.13"]
[WhiteTeam "ŠK Hlohovec A"]
[BlackTeam "ŠK Obecný úrad Špačince"]

1. e4 c6 2. d4 d5 3. e5 Bf5 4. Nf3 e6 5. Be2 h6 6. O-O Ne7 7. Be3 Bh7 8. b3 Nf5
9. Bc1 Nh4 10. Nbd2 Nxf3+ 11. Nxf3 Be7 12. c4 O-O 13. Be3 Nd7 14. c5 f6 15. Bd3
Bxd3 16. Qxd3 fxe5 17. Nxe5 Nxe5 18. dxe5 Qe8 19. f4 Qh5 20. Rf3 Qf5 21. Qd2
Rae8 22. Bd4 Qh5 23. Raf1 Qf5 24. h3 Qh7 25. g4 Rf7 26. f5 exf5 27. e6 Rff8 28.
Rxf5 Rxf5 29. Rxf5 Rf8 30. Qf4 g5 31. Qe5 Rxf5 32. gxf5 Bf8 33. Kg2 h5 34. b4
g4 35. h4 Qh6 36. e7 Qd2+ 37. Bf2 Bxe7 38. Qxe7 Qd3 39. Qe6+ Kf8 40. Qh6+ Kg8
41. Qg5+ Kf8 42. Qh6+ Kg8 43. Qf4 Qh3+ 44. Kg1 Qd3 45. Qb8+ Kg7 46. Qxb7+ Kf8
47. Qb8+ Kf7 48. Qxa7+ Kf6 49. Qh7 Qd1+ 50. Kh2 g3+ 51. Kxg3 Qg4+ 52. Kh2 Qf4+
53. Bg3 Qd2+ 54. Kh3 Qd4 55. Qg6+ Ke7 1-0

[Event "4.liga A22 2019/2020"]
[Site "?"]
[Date "2020.02.23"]
[Round "9.2"]
[White "Karel, Jozef"]
[Black "Gajarsky, Roman"]
[Result "0-1"]
[WhiteElo "1689"]
[BlackElo "1761"]
[PlyCount "84"]
[EventDate "2019.10.13"]
[WhiteTeam "ŠK Obecný úrad Špačince"]
[BlackTeam "ŠK Hlohovec A"]

1. e4 d5 2. exd5 Qxd5 3. Nc3 Qa5 4. d4 Bf5 5. Nf3 Nf6 6. Bd2 c6 7. a3 Nbd7 8.
Bc4 e6 9. O-O Qc7 10. Re1 Be7 11. Bb3 O-O 12. Bg5 Rfe8 13. Ne2 h6 14. Bh4 Bg4
15. Qd3 Bd6 16. Bg3 Nh5 17. Bxd6 Qxd6 18. Rad1 Rad8 19. Qe3 Bf5 20. Nc3 Qf4 21.
Ne4 Ndf6 22. Nxf6+ gxf6 23. Qxf4 Nxf4 24. g3 Bg4 25. Re3 Nh3+ 26. Kf1 Ng5 27.
Rdd3 Nxf3 28. Rxf3 Bxf3 29. Rxf3 Rxd4 30. Rxf6 Kg7 31. Rf3 Red8 32. Re3 Rd1+
33. Re1 Kf6 34. c3 Rxe1+ 35. Kxe1 Ke5 36. Ke2 f5 37. Ke3 c5 38. Bc2 b5 39. b4
c4 40. h3 Rd6 41. a4 bxa4 42. Bxa4 Rd3+ 0-1

[Event "4.liga A22 2019/2020"]
[Site "?"]
[Date "2020.02.23"]
[Round "9.2"]
[White "Janas, Peter"]
[Black "Pinkas, Jan"]
[Result "1-0"]
[WhiteElo "1738"]
[BlackElo "1455"]
[PlyCount "73"]
[EventDate "2019.10.13"]
[WhiteTeam "ŠK Hlohovec A"]
[BlackTeam "ŠK Obecný úrad Špačince"]

1. Nc3 e6 2. e4 Nf6 3. d4 Bb4 4. Bg5 Be7 5. Nf3 d6 6. h3 h6 7. Be3 b6 8. Bd3
Bb7 9. Qe2 Nbd7 10. O-O Nh7 11. a4 O-O 12. Qd2 f5 13. Nh2 fxe4 14. Nxe4 d5 15.
Ng3 Bg5 16. Nf3 Bxe3 17. Qxe3 Re8 18. Rfe1 Ndf8 19. Ne5 Qg5 20. f4 Qe7 21. Re2
c5 22. c3 cxd4 23. cxd4 Rac8 24. Rae1 Qd6 25. Qf2 Rc7 26. f5 Rce7 27. fxe6 Ng5
28. Nf5 Qb4 29. Nxe7+ Rxe7 30. Ng6 Nxg6 31. Bxg6 Bc6 32. Bf7+ Kh8 33. Qf4 Be8
34. Bxe8 Rxe8 35. e7 Nh7 36. Qe5 Nf6 37. Rf1 1-0

[Event "4.liga A22 2019/2020"]
[Site "?"]
[Date "2020.02.23"]
[Round "9.3"]
[White "Slamena, Michal"]
[Black "Kosticky, Simon"]
[Result "1-0"]
[WhiteElo "1993"]
[BlackElo "1863"]
[PlyCount "57"]
[EventDate "2019.10.13"]
[WhiteTeam "ŠK Hlohovec B"]
[BlackTeam "ŠK Lokomotíva Trnava C"]

1. e4 c5 2. Nf3 Nc6 3. d4 cxd4 4. Nxd4 d6 5. c4 Bd7 6. Nc3 Nf6 7. Be2 a6 8. O-O
g6 9. Be3 Bg7 10. f4 O-O 11. Nb3 Rc8 12. h3 Be8 13. Qe1 Na5 14. Nd2 Nc6 15. Qf2
Bd7 16. Rad1 Rb8 17. Bb6 Qc8 18. g4 h5 19. f5 hxg4 20. hxg4 Ne5 21. Qh4 Ne8 22.
Nd5 Nc6 23. Rf2 Nf6 24. Rh2 Re8 25. Rc1 Ne5 26. Rc3 Bc6 27. g5 Nfd7 28. Rch3 f6
29. Qh8+ 1-0

[Event "4.liga A22 2019/2020"]
[Site "?"]
[Date "2020.02.23"]
[Round "9.3"]
[White "Fajnor, Dusan"]
[Black "Tupy, Bystrik"]
[Result "1-0"]
[WhiteElo "1610"]
[BlackElo "1723"]
[PlyCount "119"]
[EventDate "2019.10.13"]
[WhiteTeam "ŠK Lokomotíva Trnava C"]
[BlackTeam "ŠK Hlohovec B"]

1. c4 e5 2. g3 Nf6 3. Bg2 Nc6 4. Nc3 Bb4 5. a3 Bxc3 6. dxc3 d6 7. e3 Be6 8. b3
h6 9. Ne2 O-O 10. O-O Qd7 11. Bd2 Bh3 12. Re1 Ne7 13. Bxb7 Rab8 14. Bg2 Ng6 15.
Rb1 h5 16. Kh1 h4 17. Ng1 Bxg2+ 18. Kxg2 Ne4 19. f3 Ng5 20. g4 f5 21. e4 f4 22.
Nh3 Ne6 23. Re2 Qc6 24. Be1 Kf7 25. Qd5 Qxd5 26. cxd5 Nc5 27. Nf2 Rb7 28. b4
Ne7 29. Rc2 g5 30. Rcc1 Rfb8 31. Rd1 a5 32. h3 a4 33. Kf1 Nc8 34. Ke2 Nb3 35.
Nd3 Nb6 36. Nc1 Nxc1+ 37. Rdxc1 Nc4 38. Kd3 Na5 39. Bf2 Nb3 40. Rd1 Ke7 41. Kc2
Kd7 42. c4 Rc8 43. Rxb3 axb3+ 44. Kxb3 c6 45. dxc6+ Rxc6 46. Rd5 Ke6 47. a4
Rbc7 48. c5 dxc5 49. Bxc5 Rd7 50. Kc4 Rxc5+ 51. Kxc5 Rxd5+ 52. exd5+ Kd7 53.
Kb6 e4 54. a5 exf3 55. a6 f2 56. a7 f1=Q 57. a8=Q Qf2+ 58. Kb7 Qd4 59. Qc8+ Kd6
60. Qe6# 1-0

[Event "4.liga A22 2019/2020"]
[Site "?"]
[Date "2020.02.23"]
[Round "9.3"]
[White "Tupy, Emil"]
[Black "Nemcovic, Peter"]
[Result "1-0"]
[WhiteElo "1598"]
[BlackElo "1614"]
[PlyCount "139"]
[EventDate "2019.10.13"]
[WhiteTeam "ŠK Hlohovec B"]
[BlackTeam "ŠK Lokomotíva Trnava C"]

1. Nf3 d5 2. d4 c5 3. c3 Nf6 4. Bf4 Nc6 5. g3 e6 6. Bg2 cxd4 7. cxd4 Bb4+ 8.
Bd2 Bd6 9. Nc3 O-O 10. O-O Bd7 11. Re1 a6 12. e4 dxe4 13. Nxe4 Nxe4 14. Rxe4
Ne7 15. Bc3 Bc6 16. Re1 Rc8 17. Qd2 b5 18. a3 Nd5 19. h4 Qe7 20. Ne5 Bb7 21.
Nf3 Qf6 22. Ne5 Qe7 23. h5 h6 24. Qd3 Qg5 25. Qf3 Ba8 26. Qg4 Qxg4 27. Nxg4
Nxc3 28. Bxa8 Rxa8 29. bxc3 Rfc8 30. Rec1 Rc7 31. Ne3 Rac8 32. Nd1 Be7 33. Kf1
Bf6 34. Rcb1 e5 35. d5 Rd7 36. Ne3 Rxc3 37. Rc1 Rdc7 38. Rd1 e4 39. Ra2 Bg5 40.
d6 Rd7 41. Ke2 Rc6 42. Nf5 g6 43. hxg6 fxg6 44. Ne7+ Bxe7 45. dxe7 Rxe7 46.
Rad2 Kf7 47. Rd7 Ke6 48. Rd8 Rec7 49. Re8+ Kf7 50. Rxe4 Re6 51. f3 Rxe4+ 52.
fxe4 Ke6 53. Rd3 Rd7 54. Rc3 Ke5 55. Ke3 g5 56. Rc6 Rd6 57. Rc5+ Ke6 58. Rc8
Rb6 59. Ra8 Kf7 60. Kd4 b4 61. axb4 Rxb4+ 62. Ke5 Rb5+ 63. Kd4 Rb6 64. Rh8 Kg6
65. Ra8 h5 66. e5 h4 67. gxh4 gxh4 68. Rh8 Kf5 69. Rf8+ Ke6 70. Rf6+ 1-0

[Event "4.liga A22 2019/2020"]
[Site "?"]
[Date "2020.02.23"]
[Round "9.3"]
[White "Dzivak, Jan"]
[Black "Jancicka, Viliam"]
[Result "1-0"]
[WhiteElo "1361"]
[BlackElo "1595"]
[PlyCount "105"]
[EventDate "2019.10.13"]
[WhiteTeam "ŠK Lokomotíva Trnava C"]
[BlackTeam "ŠK Hlohovec B"]

1. c4 c5 2. b3 e5 3. Bb2 d6 4. Nc3 Nf6 5. g3 Nc6 6. Bg2 Bd7 7. Nf3 Be7 8. Qc2
Rb8 9. O-O O-O 10. Rad1 a5 11. Ng5 Nd4 12. Qb1 Bf5 13. d3 h6 14. Nf3 Re8 15.
Nxd4 exd4 16. Nd5 b5 17. Nxf6+ Bxf6 18. cxb5 Rxb5 19. Bc6 Rb6 20. Bxe8 Qxe8 21.
Rfe1 a4 22. Qc2 axb3 23. axb3 Qb8 24. Rb1 h5 25. e4 Be6 26. Ba1 h4 27. Rb2 hxg3
28. hxg3 g6 29. Reb1 Be7 30. Qd2 Kg7 31. b4 Bf6 32. bxc5 Rxb2 33. Rxb2 Qc7 34.
cxd6 Qxd6 35. Qb4 Qa6 36. Qe1 Qxd3 37. Rd2 Qf3 38. Qe2 Bg4 39. Qxf3 Bxf3 40.
Bxd4 Bxe4 41. Bxf6+ Kxf6 42. Re2 Bf3 43. Re3 Bc6 44. f3 Kg5 45. Kf2 f5 46. Re5
Kf6 47. Ra5 Bd7 48. Ra6+ Be6 49. f4 Kf7 50. Ke3 Bd5 51. Kd4 Bf3 52. Ke5 Bh5 53.
Ra7+ 1-0

[Event "4.liga A22 2019/2020"]
[Site "?"]
[Date "2020.02.23"]
[Round "9.3"]
[White "Cebo, Vladimir"]
[Black "Dzivak, Jozef"]
[Result "1-0"]
[WhiteElo "1505"]
[BlackElo "1000"]
[PlyCount "41"]
[EventDate "2019.10.13"]
[WhiteTeam "ŠK Hlohovec B"]
[BlackTeam "ŠK Lokomotíva Trnava C"]

1. c4 e5 2. Nc3 Nf6 3. e4 Nc6 4. Nf3 Bc5 5. Be2 d6 6. d3 O-O 7. O-O Qe7 8. Bg5
Be6 9. a3 a5 10. Nd5 Bxd5 11. cxd5 Nd4 12. Nxd4 Bxd4 13. Qc2 Rfc8 14. Rac1 c6
15. dxc6 Rxc6 16. Qd2 Rb6 17. Bxf6 Qxf6 18. b4 axb4 19. axb4 Ra4 20. Rc8+ Qd8
21. Rxd8# 1-0

[Event "4.liga A22 2019/2020"]
[Site "?"]
[Date "2020.02.23"]
[Round "9.4"]
[White "Lukacovic, Miroslav"]
[Black "Sarkozi, Szabolcs"]
[Result "0-1"]
[WhiteElo "1928"]
[BlackElo "2051"]
[PlyCount "78"]
[EventDate "2019.10.13"]
[WhiteTeam "ŠK Šúrovce"]
[BlackTeam "MŠK Corvin Veľký Meder"]

1. d4 f5 2. g3 e6 3. Bg2 Nf6 4. c4 Be7 5. Nc3 O-O 6. Nh3 d6 7. O-O c6 8. b3 Qc7
9. Bb2 e5 10. e3 f4 11. Ng5 Ng4 12. exf4 exf4 13. Nge4 Bf5 14. h3 Nf6 15. Nxf6+
Bxf6 16. Ne4 Nd7 17. Nxf6+ Nxf6 18. d5 c5 19. Qd2 f3 20. Bxf3 Bxh3 21. Rfe1 Qf7
22. Bg2 Bxg2 23. Kxg2 Ne4 24. Qf4 Nxf2 25. Qxf7+ Rxf7 26. Re6 Raf8 27. Bc3 Ng4
28. Rxd6 Rf3 29. Rc1 Ne3+ 30. Kh3 Nf5 31. Rd7 Rxg3+ 32. Kh2 h5 33. Be5 Re3 34.
Bf4 Re2+ 35. Kh1 Nd4 36. Bh2 Rff2 37. Bg3 Nf3 38. Rxg7+ Kxg7 39. Rg1 Nxg1 0-1

[Event "4.liga A22 2019/2020"]
[Site "?"]
[Date "2020.02.23"]
[Round "9.4"]
[White "Vegh, Vince"]
[Black "Bukovsky, Milan"]
[Result "1/2-1/2"]
[WhiteElo "1924"]
[BlackElo "1864"]
[PlyCount "111"]
[EventDate "2019.10.13"]
[WhiteTeam "MŠK Corvin Veľký Meder"]
[BlackTeam "ŠK Šúrovce"]

1. e4 e5 2. Nf3 Nc6 3. Bb5 a6 4. Ba4 Nf6 5. O-O Be7 6. Re1 b5 7. Bb3 O-O 8. c3
d6 9. h3 Na5 10. Bc2 c5 11. d3 Re8 12. Nbd2 Nc6 13. Nf1 Bf8 14. Bg5 g6 15. Ne3
Bg7 16. a4 Be6 17. Nh2 Qd7 18. Qd2 d5 19. Bxf6 Bxf6 20. exd5 Bxd5 21. Nhg4 Bg7
22. Nxd5 Qxd5 23. Re2 b4 24. Qg5 Qd8 25. Qe3 Qd6 26. Bb3 Na5 27. Bc2 Rad8 28.
Rae1 Nc6 29. Qg3 bxc3 30. bxc3 Kf8 31. f4 exf4 32. Rxe8+ Rxe8 33. Rxe8+ Kxe8
34. Qe1+ Qe6 35. Qd2 h5 36. Nf2 Qe5 37. Nd1 Ne7 38. Bb3 Nf5 39. Bc4 f3 40. gxf3
Nh4 41. Qe3 Qxe3+ 42. Nxe3 Bxc3 43. Kf2 Bd4 44. Ke2 a5 45. Bb5+ Ke7 46. Nc4 Bc3
47. Nd2 Kd8 48. Bc4 Ke8 49. f4 Bd4 50. Bb5+ Kf8 51. Nc4 Bc3 52. Nd6 Ke7 53. Ne4
Bd4 54. Bc4 f6 55. Nd2 Bc3 56. Ne4 1/2-1/2

[Event "4.liga A22 2019/2020"]
[Site "?"]
[Date "2020.02.23"]
[Round "9.4"]
[White "Kincel, Frantisek"]
[Black "Csefalvay, Stefan"]
[Result "0-1"]
[WhiteElo "1831"]
[BlackElo "1765"]
[PlyCount "88"]
[EventDate "2019.10.13"]
[WhiteTeam "ŠK Šúrovce"]
[BlackTeam "MŠK Corvin Veľký Meder"]

1. b3 d5 2. Bb2 e6 3. Nf3 Nf6 4. e3 c5 5. Ne5 a6 6. f4 Nc6 7. Nxc6 bxc6 8. d3
Bd6 9. Nd2 d4 10. Qf3 Qc7 11. g3 e5 12. Bg2 Nd5 13. Nc4 O-O 14. fxe5 Bxe5 15.
O-O-O Bf6 16. e4 Bg5+ 17. Kb1 Ne3 18. Nxe3 Bxe3 19. Bc1 Bxc1 20. Rxc1 Be6 21.
h4 a5 22. Bh3 Bxh3 23. Rxh3 a4 24. Rh2 a3 25. c4 Rab8 26. Rf2 Rb4 27. g4 Rb7
28. Rg1 Qa5 29. Qd1 Qc7 30. Qc1 Qa5 31. Rgf1 Ra7 32. Rf5 f6 33. g5 Raf7 34.
gxf6 Rxf6 35. h5 Rxf5 36. exf5 Re8 37. h6 gxh6 38. Qxh6 Re1+ 39. Rxe1 Qxe1+ 40.
Qc1 Qxc1+ 41. Kxc1 Kf7 42. Kc2 h5 43. b4 cxb4 44. c5 h4 0-1

[Event "4.liga A22 2019/2020"]
[Site "?"]
[Date "2020.02.23"]
[Round "9.4"]
[White "Szabo, Julius"]
[Black "Cvirik, Vladimir"]
[Result "0-1"]
[WhiteElo "1646"]
[BlackElo "1828"]
[PlyCount "108"]
[EventDate "2019.10.13"]
[WhiteTeam "MŠK Corvin Veľký Meder"]
[BlackTeam "ŠK Šúrovce"]

1. e4 c5 2. Nc3 g6 3. Bc4 Nc6 4. f4 Bg7 5. f5 e6 6. fxg6 fxg6 7. Nf3 Nge7 8. d3
O-O 9. O-O a6 10. Bg5 h6 11. Bh4 b5 12. Bb3 Bb7 13. a3 Qb6 14. Bf2 Ne5 15. Nxe5
Bxe5 16. Qd2 Bg7 17. Ba2 d5 18. exd5 exd5 19. b4 Rxf2 20. Rxf2 Bd4 21. Raf1 Rf8
22. Ne4 c4 23. Nc5 Bc8 24. c3 Rxf2 25. Rxf2 Bxf2+ 26. Qxf2 Kg7 27. Qd4+ Qf6 28.
Qxf6+ Kxf6 29. Bb1 Ke5 30. d4+ Kf4 31. Kf2 h5 32. h3 h4 33. Bc2 Nf5 34. Bb1 Ne3
35. Bxg6 Nd1+ 36. Ke1 Nxc3 37. Bh5 Ke3 38. Bg4 Bxg4 39. hxg4 Kxd4 40. Nxa6 Nb1
41. g5 Ke5 42. g6 Kf6 43. g7 Kxg7 44. Nc7 Nxa3 45. Nxd5 Kg6 46. Kf2 Kf5 47. Kf3
Ke5 48. Ne3 c3 49. Ke2 Ke4 50. Nf1 Nc2 51. g3 h3 52. g4 Nxb4 53. g5 Nd5 54. g6
Nf4+ 0-1

[Event "4.liga A22 2019/2020"]
[Site "?"]
[Date "2020.02.23"]
[Round "9.4"]
[White "Meszaros, Casey Ryan"]
[Black "Kiss, Marton Dezso"]
[Result "1-0"]
[WhiteElo "1409"]
[BlackElo "1000"]
[PlyCount "61"]
[EventDate "2019.10.13"]
[WhiteTeam "ŠK Šúrovce"]
[BlackTeam "MŠK Corvin Veľký Meder"]

1. e4 e5 2. Nf3 Nc6 3. Bb5 a6 4. Ba4 Nf6 5. Bxc6 bxc6 6. Nc3 d6 7. O-O Bg4 8.
h3 Bh5 9. d3 Be7 10. Qe2 O-O 11. Bd2 Nd7 12. Rae1 f5 13. exf5 Bxf3 14. Qxf3 c5
15. Nd5 Nf6 16. Nxe7+ Qxe7 17. Bg5 Qf7 18. Bxf6 Qxf6 19. g4 Kh8 20. Qe4 Rab8
21. b3 Rb4 22. c4 h5 23. f3 Qg5 24. Qe3 Qf6 25. Re2 Kg8 26. Rg2 Kf7 27. f4 Re8
28. g5 Qd8 29. fxe5 Rxe5 30. g6+ Kf6 31. Qg5# 1-0

[Event "4.liga A22 2019/2020"]
[Site "?"]
[Date "2020.02.23"]
[Round "9.5"]
[White "Meszaros, Nikolas"]
[Black "Bango, Dominik"]
[Result "1-0"]
[WhiteElo "1790"]
[BlackElo "1832"]
[PlyCount "57"]
[EventDate "2019.10.13"]

1. d4 Nf6 2. c4 e6 3. Nc3 d5 4. Bg5 Be7 5. e3 O-O 6. Nf3 Nbd7 7. Qc2 b6 8. cxd5
exd5 9. Bd3 Bb7 10. Bf5 h6 11. h4 Re8 12. g4 hxg5 13. hxg5 Ne4 14. Bh7+ Kf8 15.
Bxe4 Bxg5 16. Rh8+ Ke7 17. Nxd5+ Bxd5 18. Rxe8+ Kxe8 19. Bxd5 Rc8 20. Qf5 Bf6
21. Bxf7+ Kxf7 22. Ng5+ Kg8 23. Qe6+ Kh8 24. Nf7+ Kh7 25. Nxd8 Rxd8 26. Ke2 Nf8
27. Rh1+ Kg6 28. Qf5+ Kf7 29. g5 1-0

[Event "4.liga A22 2019/2020"]
[Site "?"]
[Date "2020.02.23"]
[Round "9.5"]
[White "Capanda, Jan"]
[Black "Kovarikova, Maria"]
[Result "0-1"]
[WhiteElo "1894"]
[BlackElo "1806"]
[PlyCount "64"]
[EventDate "2019.10.13"]

1. e4 c5 2. Nf3 e6 3. Nc3 Nc6 4. Bc4 Nf6 5. d3 Be7 6. a3 d5 7. exd5 exd5 8. Ba2
O-O 9. h3 b5 10. O-O b4 11. axb4 Nxb4 12. Bb3 Bb7 13. Re1 a6 14. Bf4 Bd6 15.
Bg5 Kh8 16. Qd2 Rc8 17. Ne5 Qc7 18. Nf3 Nh5 19. Ne2 f6 20. Bh4 d4 21. c3 dxc3
22. bxc3 Nd5 23. Bc2 Ndf4 24. Nxf4 Nxf4 25. Bd1 Rcd8 26. Bg3 Nxd3 27. Qxd3 Bxg3
28. Qe3 Bf4 29. Qe7 Qxe7 30. Rxe7 Rb8 31. Nh4 Rfe8 32. Rd7 Re1# 0-1